000 03513cam a2200301 4500500
005 20260222002829.0
041 _afre
042 _adc
100 1 0 _aCarman, María
_eauthor
245 0 0 _aLa construction sociale de l'environnement à partir des conflits sociaux à Buenos Aires
260 _c2011.
500 _a37
520 _aRésuméCet article propose d’analyser l’usage de plus en plus fréquent de la nature dans les conflits contemporains relatifs aux occupations populaires dans la ville de Buenos Aires. Ma réflexion se fondera sur le cas d’une villa (terme argentin pour désigner un quartier précaire autoconstruit) dont les habitants ont été delogés par la municipalité en 2006, en vue de créer un nouveau couloir d’espaces verts en face du Río de la Plata. Il s’agira d’étudier non seulement l’effet de certaines politiques publiques sur cette population – en y incluant les débats et les négociations – mais aussi de comprendre comment se construit la légitimité de ces politiques, dans lesquelles l’argumentation environnementale joue un rôle central. Nous verrons également comment les habitants de la Aldea Gay essaient à leur tour de s’emparer de l’argument écologique pour contester les accusation d’usurpation et de dégradation de la nature.
520 _aThis article seeks to analyze the growing use of nature as a resource in contemporary conflicts regarding occupations of space by the poor in the city of Buenos Aires. For the analysis, I will refer to the case of a villa (Argentine word for slum) whose inhabitants were evicted by the city government during 2006 in order to build a new green space corridor facing the Río de la Plata. My concern lies not only in the study of the effect of certain public policies on this population – including their disputes and negotiations – but also in how the legitimacy of these policies is constructed, wherein the environmental argument plays a central role. I will also look into how the inhabitants of Aldea Gay use environmental arguments to contest the accusations of usurpation and damaging nature.
520 _aResumenEste artículo se propone analizar el creciente uso del recurso de la naturaleza en conflictos contemporáneos de ocupaciones populares en la ciudad de Buenos Aires. Tomaré como eje de reflexión el caso de la Aldea Gay, una villa desalojada por el gobierno local durante 2006 para la construcción de un nuevo corredor de parques frente al Río de la Plata. Mi preocupación consiste en estudiar no solo el efecto de algunas políticas públicas sobre esta población – incluyendo sus disputas y negociaciones – , sino también cómo se construye la legitimidad de tales políticas, en las cuales la argumentación ambiental juega un rol central. Por otra parte, veremos cómo los habitantes de la Aldea Gay se ambientalizan para impugnar las acusaciones de usurpación y daño a la naturaleza.
690 _aanthropologie urbaine
690 _aargumentation environnementale
690 _ala nature comme ressource
690 _avilla miseria
690 _aville de Buenos Aires
690 _acity of Buenos Aires
690 _aenvironmental arguments
690 _anature resource
690 _aslum
690 _aurban anthropology
786 0 _nEspaces et sociétés | 146 | 3 | 2011-08-01 | p. 17-33 | 0014-0481
856 4 1 _uhttps://shs.cairn.info/revue-espaces-et-societes-2011-3-page-17?lang=fr&redirect-ssocas=7080
999 _c1666301
_d1666301